|
|
|
|
| LEADER |
01008nam a2200265 a 4500 |
| 001 |
4192165 |
| 008 |
111124s1981 ilua b 001 0 eng |
| 010 |
|
|
|a 80084323
|
| 020 |
|
|
|a 0256024731
|
| 040 |
|
|
|a DLC
|c DLC
|d DLC
|d BD-DhAAL
|
| 050 |
0 |
0 |
|a HF5635
|b .W458 1981
|
| 082 |
0 |
0 |
|a 657
|2 19
|
| 100 |
1 |
|
|a Welsch, Glenn A.
|
| 245 |
1 |
0 |
|a Fundamentals of financial accounting /
|c Glenn A. Welsch, Robert N. Anthony.
|
| 250 |
|
|
|a 3rd ed.
|
| 260 |
|
|
|a Homewood, Ill. :
|b R.D. Irwin,
|c 1981.
|
| 300 |
|
|
|a xviii, 776 p. :
|b ill. ;
|c 24 cm.
|
| 490 |
0 |
|
|a The Willard J. Graham series in accounting
|
| 504 |
|
|
|a Includes bibliographical references and index.
|
| 541 |
|
|
|e 00001907
|
| 650 |
|
0 |
|a Accounting.
|
| 700 |
1 |
|
|a Anthony, Robert N.
|q (Robert Newton),
|d 1916-2006.
|
| 852 |
1 |
|
|a Ayesha Abed Library
|c General shelf.
|
| 999 |
|
|
|c 11479
|d 11479
|
| 952 |
|
|
|0 0
|1 0
|2 ddc
|4 0
|6 657_WEL
|7 0
|9 18665
|a BRACUL
|b BRACUL
|c GEN
|d 2011-11-23
|g 0.00
|l 3
|m 24
|o 657 WEL
|p 3010001907
|r 2024-03-07
|s 2022-09-29
|t 1
|w 2011-11-23
|y BK
|z Not price in Register
|